00977cam a2200301 a 45000010005000000030006000050050017000110080041000280100017000690200022000860200018001080400023001260500015001490820012001641000023001762450058001992600035002573000056002925200132003485210018004805210018004986500019005166500026005356500030005616500022005916500040006136500022006534232FISKH20240705145637.0040707s2004 nyuab b 000 1 eng  a 2004274996 a0439559634 (pbk.) a9780439559638 aDLCcDLCdDLCbeng aPZ7.L8996  a853.92  aStilton, Geronimo 00aLost treasure of the emerald eye /cGeronimo Stilton  aNew York :bScholastic,c2004. a116 pages : bmaps ; color illustrations ; c20 cm  aThe discovery of an old map by his sister Thea leads Geronimo and his family to search for buried treasure on a faraway island.0 a530 bLexile 1 aM bRaz-Plus  1aMicevFiction. 1aJournalistsvFiction. 1aBuried treasurevFiction. 1aIslandsvFiction. 1aAdventure and adventurersvFiction. 1aHumorous stories.